| 000 | 00674nam a2200229 u 4500 | ||
|---|---|---|---|
| 005 | 20240228064209.0 | ||
| 008 | 150305s2003 es r 000 0 spa d | ||
| 020 | _a8478646485 | ||
| 035 | _aUPN01000202308 | ||
| 049 | _aI | ||
| 050 | 4 |
_aPZ76.3 _bC6.52 2003 |
|
| 100 | 1 |
_aContijoch, Josefa, _d1940- _936878 |
|
| 245 | 1 | 3 |
_aMariquilla va de fiesta / _cJosefa Contijoch, Luis Filella. |
| 250 | _a2a ed. | ||
| 260 |
_aMadrid : _bCombel, _c2003. |
||
| 300 |
_a[22] p. : _bil. |
||
| 440 | 0 |
_aCaballo alado. _pAl paso |
|
| 650 | 0 |
_aAnimales _vCuentos y leyendas _9234 |
|
| 650 | 4 |
_aLibros y lectura para niƱos _92290 |
|
| 700 | 1 |
_aFilella, Luis, _ecoaut. |
|
| 905 | _aInfantil | ||
| 999 |
_c174409 _d174409 |
||